| 000 | 00772nam a2200241 a 4500 | ||
|---|---|---|---|
| 005 | 20221209063622.0 | ||
| 008 | 991125s1998 mx 000 0 spa u | ||
| 020 | _a968231052X | ||
| 020 | _a968231724X (Reimpresión) | ||
| 035 | _aUPN01000037791 | ||
| 049 | _aCG | ||
| 050 | 4 |
_aP91 _bM3.48 1998 |
|
| 100 | 1 |
_aMattelart, Armand, _d1936- |
|
| 245 | 1 | 4 |
_aLos medios de comunicacion en tiempos de crisis / _cArmand y Michèle Mattelart ; tr. Félix Blanco. |
| 250 | _a7a ed. | ||
| 260 |
_aMéxico : _bSiglo XXI, _c1998. |
||
| 300 | _a259 p. | ||
| 440 | 0 | _aSociología y política | |
| 534 |
_pTraducción de: _tL'usage de medías temps de crise |
||
| 650 | 4 |
_aMedios masivos de comunicación _99547 |
|
| 700 | 1 |
_aMattelart, Michèle, _ecoaut. _929188 |
|
| 905 | _aLibro | ||
| 999 |
_c37791 _d37791 |
||